| 000 | 01329nam a2200325 4500 | ||
|---|---|---|---|
| 001 | 0000023840 | ||
| 003 | CO-CtgCURN | ||
| 005 | 20251001222523.0 | ||
| 008 | 160627s2011 000 0 eng d | ||
| 020 | _a9788481640717 | ||
| 040 |
_aCO-CtgCURN _bspa _ccoctgcurn |
||
| 082 | 0 |
_a342 _bZ18 |
|
| 100 | 1 | _aZagrebelsky, Gustavo. | |
| 245 | 1 | 3 |
_aEl derecho ductil, ley, derechos, justicia / _cGustavo Zagrebelsky, traducción de Marina Gascon. |
| 250 | _a10a ed. | ||
| 260 |
_aMadrid : _bTrotta, _c2011. |
||
| 300 | _a156 p. | ||
| 336 | _2rdacontent | ||
| 337 |
_2rdamedia _asin mediacion _bn |
||
| 338 |
_2rdacarrier _avolumen _bnc |
||
| 490 | 1 | _aEstructuras y procesos. Serie Derecho | |
| 500 | _aIncluye indice general. | ||
| 505 | 8 | _aLos caracteres generales del derecho constitucional actual -- Del Estado de derecho al Estado constitucional -- La separacion de los derechos respecto de la ley -- Derechos de libertad y derechos de justicia -- La separacion de justicia respecto de la ley -- El drecho por principios -- Los jueces y elderecho | |
| 534 | _aII dirito mite. Legge diritti giustizia. | ||
| 650 | 0 | _aDerecho constitucional. | |
| 700 | 1 | _aGascon, Marina, traductor. | |
| 908 | _a160627 | ||
| 942 |
_cBK _h342 _iZ18 _2ddc |
||
| 999 |
_c50150 _d50150 _x1 |
||